Normal view
MARC view
- ISLAM-IMRAZ-E-JILD AUR AULAJ-E-NABVI
Entry Topical Term
001 - CONTROL NUMBER
- control field: 74687
003 - CONTROL NUMBER IDENTIFIER
- control field: NUST
005 - DATE AND TIME OF LATEST TRANSACTION
- control field: 20210628205253.0
008 - FIXED-LENGTH DATA ELEMENTS
- fixed length control field: 210628|| aca||aabn | a|a d
040 ## - CATALOGING SOURCE
- Original cataloging agency: NUST
- Transcribing agency: NUST
150 ## - HEADING--TOPICAL TERM
- Topical term or geographic name entry element: ISLAM-IMRAZ-E-JILD AUR AULAJ-E-NABVI
670 ## - SOURCE DATA FOUND
- Source citation: Work cat.: (NUST): Khazanvi, Khalid Dr 74686, Imraz-e-jild aur aulaj-e-nabvi, 1996
